Mester : Lengua y literatura : 3 Secundaria

Gespeichert in:
Bibliographische Detailangaben
1. Verfasser: Gómez Torrego, Leonardo .
Weitere Verfasser: Navarro, Pilar , (1977- ) . Páez, Enrique , (1955- ) .
Format: Buch
Sprache:Spanisch
Erschienen: Madrid : SM, D.L. 1998
Katalog:MANES:  Suchergebnis im Bibliothekskatalog
Schulbuchspezifische Eigenschaften:
Schriftenreihe:Mester
Tags: Tag hinzufügen
Keine Tags, Fügen Sie den ersten Tag hinzu!
Hinzugefügt zu:11.06.2007
Geändert in:07.05.2025

MARC

LEADER 00000cam a2200000 i 4500
005 20250507134509.0
008 070612s1998 espao fp 000 0 spa d
020 |a 8434858460 
040 |a uned  |b spa  |c entro-manes 
100 1 |a Gómez Torrego, Leonardo .  |9 36944 
245 1 0 |a Mester :   |b Lengua y literatura : 3 Secundaria /   |c L. Gómez Torrego, P. Navarro Gómez, Enrique Páez 
260 |a Madrid :   |b SM,   |c D.L. 1998 
300 |a 319 p. :   |b il. 
490 0 |a Mester 
546 |a España 
561 |5 es-BUNED  |3 L.T.M. 2509  |a España. Fondo Manes UNED  |k MANES 
690 0 |a LEN 
700 1 |a Navarro, Pilar ,  |d (1977- ) .  |9 38623  |a Páez, Enrique ,  |d (1955- ) .  |9 39451 
942 |2 ddc  |c BK 
999 |c 95813  |d 95813 
999 |c manes:95813  |d 95813